[Event "GER-ch Youth U18 2019"]
[Site "Willingen"]
[Date "2019.06.13"]
[Round "7.5"]
[White "Arndt, Magnus"]
[Black "Riess, Alexander"]
[Result "1/2-1/2"]
[WhiteElo "2186"]
[BlackElo "2305"]
[Annotator "NA"]
[PlyCount "85"]
[EventDate "2019.06.07"]
[EventType "swiss"]
[EventRounds "9"]
[EventCountry "GER"]
[SourceTitle "playchess.com"]
[Source "ChessBase"]
[SourceQuality "1"]
[TimeControl "40/5400+30:1800+30"]

1. e4 {[%emt 0:00:00]} e5 {[%emt 0:00:00]} 2. Nf3 {[%emt 0:00:00]} Nc6 {[%emt 0:00:00]} 3. d4 {[%emt 0:00:00]} exd4 {[%emt 0:00:00]} 4. Nxd4 {[%emt 0:00:00]} Nf6 {[%emt 0:00:22]} 5. Nxc6 {[%emt 0:00:00]} bxc6 {[%emt 0:00:07]} 6. e5 {[%emt 0:00:00]} Qe7 {[%emt 0:00:36]} 7. Qe2 {[%emt 0:00:01]} Nd5 {[%emt 0:00:14]} 8. c4 {[%emt 0:00:05]} Ba6 {[%emt 0:00:17]} 9. Nd2 {[%emt 0:00:05]} g6 {[%emt 0:01:06]} 10. Nf3 {[%emt 0:00:08]} Qb4+ {[%emt 0:01:04]} 11. Kd1 {[%emt 0:00:06]} Rb8 {[%emt 0:00:42]} 12. Qc2 {[%emt 0:00:06]} Ne7 {[%emt 0:00:36]} 13. b3 {[%emt 0:00:23]} Bg7 {[%emt 0:03:05]} 14. Bd2 {[%emt 0:00:20]} Qb6 {[%emt 0:00:56]} 15. c5 {[%emt 0:00:27]} Qb7 {[%emt 0:00:14]} 16. Bxa6 {[%emt 0:00:07]} Qxa6 {[%emt 0:00:06]} 17. Re1 {[%emt 0:00:06]} O-O {[%emt 0:02:54]} 18. Qc4 {[%emt 0:00:46]} Qa3 {[%emt 0:04:33]} 19. Nd4 {[%emt 0:04:56]} Qb2 {[%emt 0:07:29]} 20. Nc2 {[%emt 0:00:29]} Nd5 {[%emt 0:09:06]} 21. f4 {[%emt 0:00:35]} a5 {[%emt 0:21:24]} 22. g3 {[%emt 0:04:30]} Nb4 {[%emt 0:06:07]} 23. Qc3 {[%emt 0:00:56]} Qxc3 {[%emt 0:11:12]} 24. Bxc3 {[%emt 0:00:06]} Rb5 {[%emt 0:02:37]} 25. Bd4 {[%emt 0:25:28]} d6 {[%emt 0:03:01]} 26. Nxb4 {[%emt 0:43:35]} axb4 {[%emt 0:01:39]} 27. Kc2 {[%emt 0:01:14]} dxe5 {[%emt 0:01:04]} 28. fxe5 {[%emt 0:00:19]} Rd8 {[%emt 0:01:18]} 29. Rad1 {[%emt 0:00:21]} Kf8 {[%emt 0:02:26]} 30. Bg1 {[%emt 0:06:23]} Rxd1 {[%emt 0:01:27]} 31. Rxd1 {[%emt 0:01:40]} Ra5 {[%emt 0:02:51]} 32. Kb1 {[%emt 0:03:52]} Ke7 {[%emt 0:02:03]} 33. Rd4 {[%emt 0:02:03]} Rb5 {[%emt 0:01:11]} 34. Rc4 {[%emt 0:02:49]} Ke6 {[%emt 0:02:09]} 35. Be3 {[%emt 0:01:14]} Bf8 {[%emt 0:00:53]} 36. Kc2 {[%emt 0:00:59]} Kd5 {[%emt 0:01:08]} 37. Kd3 {[%emt 0:00:05]} Ra5 {[%emt 0:05:56]} 38. Rxb4 {[%emt 0:00:45]} Rxa2 {[%emt 0:00:16]} 39. Rf4 {[%emt 0:01:44]} Bxc5 {[%emt 0:03:23]} 40. Bxc5 {[%emt 0:00:05]} Kxc5 {[%emt 0:00:05]} 41. Rxf7 {[%emt 0:08:25]} Rxh2 {[%emt 0:00:56]} 42. Rd7 {[%emt 0:01:01]} Rh1 {[%emt 0:14:44]} 43. Ke4 {normal} 1/2-1/2

[Event "GER-ch Youth U18 2019"]
[Site "Willingen"]
[Date "2019.06.13"]
[Round "7.6"]
[White "Faerber, David"]
[Black "Ewert, Hannes"]
[Result "1/2-1/2"]
[WhiteElo "2293"]
[BlackElo "2268"]
[Annotator "NA"]
[PlyCount "61"]
[EventDate "2019.06.07"]
[EventType "swiss"]
[EventRounds "9"]
[EventCountry "GER"]
[SourceTitle "playchess.com"]
[Source "ChessBase"]
[SourceQuality "1"]
[TimeControl "40/5400+30:1800+30"]

1. c4 {[%emt 0:00:00]} Nf6 {[%emt 0:00:00]} 2. Nc3 {[%emt 0:00:00]} e6 {[%emt 0:00:00]} 3. e4 {[%emt 0:00:13]} d5 {[%emt 0:00:31]} 4. cxd5 {[%emt 0:00:20]} exd5 {[%emt 0:00:09]} 5. e5 {[%emt 0:00:06]} d4 {[%emt 0:09:00]} 6. exf6 {[%emt 0:00:40]} dxc3 {[%emt 0:00:19]} 7. Bb5+ {[%emt 0:00:24]} Nc6 {[%emt 0:03:56]} 8. Qe2+ {[%emt 0:06:37]} Be6 {[%emt 0:00:35]} 9. dxc3 {[%emt 0:01:05]} Qxf6 {[%emt 0:02:47]} 10. Nf3 {[%emt 0:00:22]} Bc5 {[%emt 0:13:39]} 11. Ng5 {[%emt 0:11:18]} O-O {[%emt 0:13:05]} 12. Nxe6 {[%emt 0:06:32]} fxe6 {[%emt 0:00:38]} 13. O-O {[%emt 0:07:05]} Ne5 {[%emt 0:05:37]} 14. Be3 {[%emt 0:02:32]} Bxe3 {[%emt 0:08:30]} 15. Qxe3 {[%emt 0:01:30]} a6 {[%emt 0:00:25]} 16. Be2 {[%emt 0:01:53]} Nf7 {[%emt 0:15:34]} 17. Bc4 {[%emt 0:06:59]} Rae8 {[%emt 0:06:54]} 18. Rae1 {[%emt 0:05:30]} Nd6 {[%emt 0:01:45]} 19. Bb3 {[%emt 0:09:07]} g6 {[%emt 0:02:43]} 20. Bxe6+ {[%emt 0:05:31]} Kg7 {[%emt 0:00:20]} 21. Qe5 {[%emt 0:08:02]} Qxe5 {[%emt 0:09:42]} 22. Rxe5 {[%emt 0:00:12]} Nc4 {[%emt 0:00:29]} 23. Re2 {[%emt 0:04:49]} Nxb2 {[%emt 0:00:45]} 24. Rxb2 {[%emt 0:00:23]} Rxe6 {[%emt 0:00:01]} 25. Rxb7 {[%emt 0:00:10]} Rf7 {[%emt 0:01:29]} 26. g3 {[%emt 0:02:36]} Re2 {[%emt 0:00:54]} 27. a4 {[%emt 0:00:22]} Rc2 {[%emt 0:01:16]} 28. Ra7 {[%emt 0:00:34]} Rxc3 {[%emt 0:00:26]} 29. Rxa6 {[%emt 0:00:02]} c5 {[%emt 0:01:41]} 30. a5 {[%emt 0:00:47]} Ra3 {[%emt 0:00:27]} 31. Rc1 {[%emt 0:07:49] normal} 1/2-1/2

[Event "GER-ch Youth U18 2019"]
[Site "Willingen"]
[Date "2019.06.13"]
[Round "7.7"]
[White "Vuckovic, Zarko"]
[Black "Engel, Robert"]
[Result "1-0"]
[WhiteElo "2132"]
[BlackElo "2067"]
[Annotator "NA"]
[PlyCount "69"]
[EventDate "2019.06.07"]
[EventType "swiss"]
[EventRounds "9"]
[EventCountry "GER"]
[SourceTitle "playchess.com"]
[Source "ChessBase"]
[SourceQuality "1"]
[TimeControl "40/5400+30:1800+30"]

1. e4 {[%emt 0:00:00]} c5 {[%emt 0:00:00]} 2. Nf3 {[%emt 0:00:00]} d6 {[%emt 0:00:00]} 3. d4 {[%emt 0:00:00]} cxd4 {[%emt 0:00:00]} 4. Nxd4 {[%emt 0:00:00]} Nf6 {[%emt 0:00:00]} 5. Nc3 {[%emt 0:00:00]} a6 {[%emt 0:00:00]} 6. f3 {[%emt 0:00:00]} e5 {[%emt 0:00:00]} 7. Nb3 {[%emt 0:00:00]} Be6 {[%emt 0:00:16]} 8. Be3 {[%emt 0:00:04]} Be7 {[%emt 0:00:27]} 9. Nd5 {[%emt 0:01:03]} Bxd5 {[%emt 0:01:35]} 10. exd5 {[%emt 0:00:41]} Nbd7 {[%emt 0:00:52]} 11. Qd2 {[%emt 0:00:41]} Rc8 {[%emt 0:06:13]} 12. Rc1 {[%emt 0:06:02]} O-O {[%emt 0:15:27]} 13. Na5 {[%emt 0:02:20]} Qc7 {[%emt 0:02:13]} 14. c4 {[%emt 0:05:07]} e4 {[%emt 0:04:09]} 15. Be2 {[%emt 0:02:34]} exf3 {[%emt 0:03:16]} 16. gxf3 {[%emt 0:00:58]} Ne5 {[%emt 0:02:31]} 17. b4 {[%emt 0:01:59]} Qd7 {[%emt 0:03:52]} 18. O-O {[%emt 0:08:16]} Rfe8 {[%emt 0:06:26]} 19. Bd4 {[%emt 0:03:39]} Bd8 {[%emt 0:02:59]} 20. Nb3 {[%emt 0:00:56]} Qf5 {[%emt 0:03:16]} 21. Rf2 {[%emt 0:07:27]} Nh5 {[%emt 0:05:58]} 22. f4 {[%emt 0:12:24]} Ng6 {[%emt 0:01:21]} 23. Rg2 {[%emt 0:03:06]} Nf6 {[%emt 0:05:49]} 24. Bd3 {[%emt 0:16:35]} Qh3 {[%emt 0:04:57]} 25. Rf1 {[%emt 0:06:20]} Rc7 {[%emt 0:05:14]} 26. Rg3 {[%emt 0:04:57]} Qh4 {[%emt 0:03:10]} 27. Rg2 {[%emt 0:08:03]} Ne4 {[%emt 0:06:00]} 28. Qe1 {[%emt 0:00:37]} Qxe1 {[%emt 0:03:13]} 29. Rxe1 {[%emt 0:00:02]} f5 {[%emt 0:00:25]} 30. Rf1 {[%emt 0:01:26]} Kf7 {[%emt 0:02:55]} 31. Rc2 {[%emt 0:02:30]} Bf6 {[%emt 0:00:38]} 32. Bb6 {[%emt 0:00:29]} Rd7 {[%emt 0:00:36]} 33. Nd4 {[%emt 0:00:42]} Rc8 {[%emt 0:01:27]} 34. Nxf5 {[%emt 0:01:56] normal} Nc3 {[%emt 0:01:19]} 35. Ng3 {[%emt 0:00:29] normal} 1-0

[Event "GER-ch Youth U18 2019"]
[Site "Willingen"]
[Date "2019.06.13"]
[Round "7.8"]
[White "Kuznecovs, Nikita"]
[Black "Runte, Moritz"]
[Result "1-0"]
[WhiteElo "2317"]
[BlackElo "2096"]
[Annotator "NA"]
[PlyCount "59"]
[EventDate "2019.06.07"]
[EventType "swiss"]
[EventRounds "9"]
[EventCountry "GER"]
[SourceTitle "playchess.com"]
[Source "ChessBase"]
[SourceQuality "1"]
[TimeControl "40/5400+30:1800+30"]

1. Nf3 {[%emt 0:00:00]} Nf6 {[%emt 0:00:00]} 2. c4 {[%emt 0:00:00]} e6 {[%emt 0:00:00]} 3. Nc3 {[%emt 0:00:00]} d5 {[%emt 0:00:41]} 4. e3 {[%emt 0:00:01]} Be7 {[%emt 0:03:14]} 5. Qc2 {[%emt 0:00:10]} Nbd7 {[%emt 0:04:22]} 6. b3 {[%emt 0:00:11]} b6 {[%emt 0:03:00]} 7. Bb2 {[%emt 0:00:47]} Bb7 {[%emt 0:04:31]} 8. Be2 {[%emt 0:00:13]} c5 {[%emt 0:01:36]} 9. cxd5 {[%emt 0:00:08]} exd5 {[%emt 0:00:21]} 10. d4 {[%emt 0:00:09]} O-O {[%emt 0:02:17]} 11. O-O {[%emt 0:01:14]} Rc8 {[%emt 0:02:14]} 12. Rac1 {[%emt 0:00:30]} Ne4 {[%emt 0:06:47]} 13. dxc5 {[%emt 0:00:15]} Ndxc5 {[%emt 0:02:02]} 14. Qb1 {[%emt 0:00:28]} Bf6 {[%emt 0:07:32]} 15. Nb5 {[%emt 0:00:29]} a6 {[%emt 0:10:55]} 16. Bxf6 {[%emt 0:00:10]} Qxf6 {[%emt 0:00:39]} 17. Nbd4 {[%emt 0:00:10]} Ne6 {[%emt 0:05:40]} 18. Qb2 {[%emt 0:22:39]} Rfe8 {[%emt 0:09:10]} 19. Bd3 {[%emt 0:01:02]} g5 {[%emt 0:04:01]} 20. Rfd1 {[%emt 0:14:57]} g4 {[%emt 0:07:46]} 21. Bxe4 {[%emt 0:00:37]} dxe4 {[%emt 0:00:14]} 22. Ne1 {[%emt 0:03:06]} Rc5 {[%emt 0:03:21]} 23. Qa3 {[%emt 0:06:02]} Ra5 {[%emt 0:08:25]} 24. Qd6 {[%emt 0:01:27]} Rxa2 {[%emt 0:03:35]} 25. Nec2 {[%emt 0:01:15]} b5 {[%emt 0:02:47]} 26. Qg3 {[%emt 0:04:54]} Nxd4 {[%emt 0:01:36]} 27. exd4 {[%emt 0:02:45]} Rc8 {[%emt 0:01:19]} 28. Ne3 {[%emt 0:01:17]} Rd8 {[%emt 0:01:44]} 29. Rc7 {[%emt 0:09:28]} Bc8 {[%emt 0:00:54]} 30. Rxc8 {[%emt 0:00:21] normal} 1-0

[Event "GER-ch Youth U18 2019"]
[Site "Willingen"]
[Date "2019.06.13"]
[Round "7.9"]
[White "Goldbeck, Lars"]
[Black "Muetsch, Annmarie"]
[Result "0-1"]
[WhiteElo "2199"]
[BlackElo "2266"]
[Annotator "NA"]
[PlyCount "27"]
[EventDate "2019.06.07"]
[EventType "swiss"]
[EventRounds "9"]
[EventCountry "GER"]
[SourceTitle "playchess.com"]
[Source "ChessBase"]
[SourceQuality "1"]
[TimeControl "40/5400+30:1800+30"]

1. Nf3 {[%emt 0:00:00]} Nf6 {[%emt 0:00:00]} 2. g3 {[%emt 0:00:00]} g6 {[%emt 0:00:00]} 3. Bg2 {[%emt 0:00:00]} Bg7 {[%emt 0:00:00]} 4. O-O {[%emt 0:00:00]} O-O {[%emt 0:00:00]} 5. d4 {[%emt 0:00:00]} c6 {[%emt 0:00:23]} 6. c4 {[%emt 0:00:00]} d5 {[%emt 0:00:05]} 7. b3 {[%emt 0:00:11]} dxc4 {[%emt 0:00:14]} 8. bxc4 {[%emt 0:00:02]} c5 {[%emt 0:00:09]} 9. Bb2 {[%emt 0:00:03]} cxd4 {[%emt 0:00:04]} 10. Nxd4 {[%emt 0:00:03]} Qb6 {[%emt 0:00:09]} 11. Qb3 {[%emt 0:00:47]} Nfd7 {[%emt 0:00:19]} 12. Rd1 {[%emt 0:11:15]} Na6 {[%emt 0:04:47]} 13. Qa3 {[%emt 0:12:02]} Nb4 {[%emt 0:19:21]} 14. Nc3 {[%emt 0:17:12] normal} 0-1

[Event "GER-ch Youth U18 2019"]
[Site "Willingen"]
[Date "2019.06.13"]
[Round "7.10"]
[White "Hinrichs, Niklas"]
[Black "Maetzkow, Maximilian Paul"]
[Result "1/2-1/2"]
[WhiteElo "2115"]
[BlackElo "2338"]
[Annotator "TA"]
[PlyCount "110"]
[EventDate "2019.06.07"]
[EventType "swiss"]
[EventRounds "9"]
[EventCountry "GER"]
[SourceTitle "playchess.com"]
[Source "ChessBase"]
[SourceQuality "1"]

{[%evp 24,110,46,23,41,22,53,17,56,47,53,31,58,32,32,38,42,28,35,31,36,27,50,0,0,0,0,6,19,9,11,0,11,0,0,0,9,0,3,3,3,3,3,3,15,18,25,0,0,0,0,0,0,0,0,0,0,0,0,0,0,0,0,-1,0,0,0,-6,0,0,0,0,0,-8,0,0,0,0,0,0,0,0,0,-11,0,0,0,-23,0]} 1. e4 c5 2. Nf3 d6 3. Bb5+ Bd7 4. Bxd7+ Qxd7 5. c4 Nc6 6. d4 cxd4 7. Nxd4 g6 8. Be3 Bg7 9. Nc3 Nf6 10. f3 O-O 11. O-O Rfc8 12. b3 Qd8 13. Qd2 Nd7 {B52: Sicilian: Moscow Variation with 3...Bd7} 14. Rfd1 (14. Nde2 a6 15. Rac1 Qa5 16. Rfd1 h5 17. Nd5 Qxd2 18. Rxd2 Kf8 19. Nec3 Rab8 20. Na4 b5 21. cxb5 axb5 {½-½ (43) Artemiev,V (2660)-Mamedov,R (2652) Khanty-Mansiysk 2014}) 14... Nc5 15. Nxc6 $146 ({Predecessor:} 15. Rac1 Nb4 16. Qe2 Qf8 17. Nd5 Nxd5 18. exd5 a5 19. Nb5 Bf6 20. Bd4 Bxd4+ 21. Rxd4 {½-½ (30) Dolzhikova,K (2248)-Garifulin,A (2299) Kiev 2005}) 15... Rxc6 {The position is equal.} 16. Bd4 Bxd4+ 17. Qxd4 Ne6 18. Qe3 Qa5 19. Nd5 Re8 20. e5 {[#] Black must now prevent exd6.} dxe5 21. Qxe5 Qc5+ 22. Kh1 f6 23. Qe3 (23. Qe1 {with more complications.} Nd4 24. Rac1 e5 25. f4 Rce6 26. b4) 23... Qxe3 24. Nxe3 Kf7 25. Kg1 a6 26. Kf2 b5 27. g3 Rb8 28. Rd2 bxc4 29. Nxc4 h5 30. h4 Rc7 31. Rad1 Ke8 32. Ke3 Rb5 33. Rd5 Ng7 34. Rd8+ Kf7 35. R8d7 Nf5+ 36. Kf2 Rbc5 37. Rxc7 Rxc7 $11 {[%mdl 4096] Endgame KRN-KRN} 38. Rd2 Ke6 39. Nb2 g5 40. hxg5 fxg5 41. Nd3 h4 42. gxh4 gxh4 43. Re2+ Kf7 44. Ne5+ Kf6 45. Nc4 e6 46. Re4 Rd7 47. Kg2 Rd1 48. Kh3 Rg1 49. Ne5 Rh1+ 50. Kg2 Rc1 51. Ng4+ Kf7 52. Re2 Ke7 53. Ne3 {[#] Nxf5+ is the strong threat.} Ng3 54. Rd2 Re1 55. Nc4 Rc1 {Accuracy: White = 47%, Black = 59%.} 1/2-1/2

[Event "GER-ch Youth U18 2019"]
[Site "Willingen"]
[Date "2019.06.13"]
[Round "7.11"]
[White "Schneider, Jana"]
[Black "Wendler, David"]
[Result "1-0"]
[WhiteElo "2235"]
[BlackElo "2166"]
[Annotator "NA"]
[PlyCount "117"]
[EventDate "2019.06.07"]
[EventType "swiss"]
[EventRounds "9"]
[EventCountry "GER"]
[SourceTitle "playchess.com"]
[Source "ChessBase"]
[SourceQuality "1"]
[TimeControl "40/5400+30:1800+30"]

1. e4 {[%emt 0:00:00]} g6 {[%emt 0:00:00]} 2. d4 {[%emt 0:00:00]} Bg7 {[%emt 0:00:00]} 3. Nc3 {[%emt 0:00:00]} d6 {[%emt 0:00:02]} 4. Be3 {[%emt 0:00:10]} a6 {[%emt 0:00:14]} 5. Qd2 {[%emt 0:00:15]} b5 {[%emt 0:00:37]} 6. f3 {[%emt 0:00:15]} Nd7 {[%emt 0:00:49]} 7. O-O-O {[%emt 0:00:34]} Bb7 {[%emt 0:06:23]} 8. h4 {[%emt 0:00:30]} h5 {[%emt 0:00:23]} 9. Nh3 {[%emt 0:00:17]} Ngf6 {[%emt 0:02:23]} 10. Ng5 {[%emt 0:00:21]} Rc8 {[%emt 0:08:43]} 11. e5 {[%emt 0:00:23]} b4 {[%emt 0:08:49]} 12. Ne2 {[%emt 0:05:58]} dxe5 {[%emt 0:03:30]} 13. dxe5 {[%emt 0:00:09]} Nd5 {[%emt 0:08:17]} 14. e6 {[%emt 0:00:29]} Ne5 {[%emt 0:00:25]} 15. exf7+ {[%emt 0:01:27]} Nxf7 {[%emt 0:00:07]} 16. Ne6 {[%emt 0:01:52]} Qd6 {[%emt 0:03:15]} 17. Nxg7+ {[%emt 0:00:26]} Kf8 {[%emt 0:00:07]} 18. Bd4 {[%emt 0:04:17]} Nf6 {[%emt 0:04:07]} 19. Bxf6 {[%emt 0:15:11]} Qxf6 {[%emt 0:00:17]} 20. Nxh5 {[%emt 0:01:53]} Rxh5 {[%emt 0:03:36]} 21. Qxb4 {[%emt 0:01:08]} Nd6 {[%emt 0:07:23]} 22. Nc3 {[%emt 0:05:52]} a5 {[%emt 0:07:41]} 23. Qg4 {[%emt 0:09:54]} Nf5 {[%emt 0:12:33]} 24. Bc4 {[%emt 0:25:59]} Ne3 {[%emt 0:09:28]} 25. Qe6 {[%emt 0:00:40]} Qxe6 {[%emt 0:00:16]} 26. Bxe6 {[%emt 0:00:03]} Nxd1 {[%emt 0:00:32]} 27. Bxc8 {[%emt 0:01:40]} Nf2 {[%emt 0:00:30]} 28. Rf1 {[%emt 0:04:11]} Bxc8 {[%emt 0:00:11]} 29. Rxf2 {[%emt 0:00:05]} Rxh4 {[%emt 0:00:04]} 30. Rd2 {[%emt 0:01:05]} Bf5 {[%emt 0:03:57]} 31. a4 {[%emt 0:09:07]} c6 {[%emt 0:05:07]} 32. b3 {[%emt 0:00:24]} Kf7 {[%emt 0:01:10]} 33. Nd1 {[%emt 0:01:08]} Rh1 {[%emt 0:00:47]} 34. Kb2 {[%emt 0:00:39]} Re1 {[%emt 0:00:05]} 35. Kc3 {[%emt 0:01:20]} g5 {[%emt 0:01:02]} 36. Kd4 {[%emt 0:03:36]} Bxc2 {[%emt 0:01:51]} 37. Rxc2 {[%emt 0:00:08]} Rxd1+ {[%emt 0:00:05]} 38. Kc5 {[%emt 0:00:04]} Rb1 {[%emt 0:03:34]} 39. Rc3 {[%emt 0:00:25]} g4 {[%emt 0:00:29]} 40. Kxc6 {[%emt 0:01:12]} e5 {[%emt 0:00:16]} 41. fxg4 {[%emt 0:34:15]} Ke6 {[%emt 0:00:59]} 42. Kb6 {[%emt 0:00:00]} e4 {[%emt 0:03:30]} 43. Kxa5 {[%emt 0:00:00]} Ke5 {[%emt 0:02:47]} 44. b4 {[%emt 0:00:00]} Kd4 {[%emt 0:00:13]} 45. Rc8 {[%emt 0:00:00]} e3 {[%emt 0:01:56]} 46. Re8 {[%emt 0:00:00]} Kd3 {[%emt 0:03:02]} 47. b5 {[%emt 0:00:00]} e2 {[%emt 0:00:26]} 48. b6 {[%emt 0:00:00]} e1=Q+ {[%emt 0:01:26]} 49. Rxe1 {[%emt 0:00:00]} Rxe1 {[%emt 0:00:08]} 50. b7 {[%emt 0:00:00]} Rb1 {[%emt 0:01:26]} 51. Ka6 {[%emt 0:00:00]} Kc4 {[%emt 0:00:54]} 52. a5 {[%emt 0:00:00]} Rb5 {[%emt 0:01:21]} 53. g5 {[%emt 0:00:00]} Kb4 {[%emt 0:00:29]} 54. g6 {[%emt 0:00:00]} Rxa5+ {[%emt 0:00:36]} 55. Kb6 {[%emt 0:00:00]} Rb5+ {[%emt 0:00:51]} 56. Kc7 {[%emt 0:00:00]} Rc5+ {[%emt 0:00:10]} 57. Kd6 {[%emt 0:00:00]} Rb5 {[%emt 0:00:30]} 58. g7 {[%emt 0:00:00]} Rb6+ {[%emt 0:00:53]} 59. Kc7 {[%emt 0:00:00] normal} 1-0

[Event "GER-ch Youth U18 2019"]
[Site "Willingen"]
[Date "2019.06.13"]
[Round "7.12"]
[White "Schnabel, Bennett"]
[Black "Lange, Jannis"]
[Result "0-1"]
[WhiteElo "2125"]
[BlackElo "2024"]
[Annotator "RC"]
[PlyCount "176"]
[EventDate "2019.06.07"]
[EventType "swiss"]
[EventRounds "9"]
[EventCountry "GER"]
[SourceTitle "playchess.com"]
[Source "ChessBase"]
[SourceQuality "1"]
[TimeControl "40/5400+30:1800+30"]

1. a3 {[%emt 0:00:00]} c5 {[%emt 0:03:39]} 2. f4 {[%emt 0:00:00]} Nc6 {[%emt 0:00:52]} 3. Nf3 {[%emt 0:00:02]} Nf6 {[%emt 0:01:37]} 4. g3 {[%emt 0:00:33]} g6 {[%emt 0:02:04]} 5. d3 {[%emt 0:00:17]} d5 {[%emt 0:02:23]} 6. Bg2 {[%emt 0:00:07]} Bg7 {[%emt 0:00:18]} 7. c3 {[%emt 0:00:06]} O-O {[%emt 0:01:52]} 8. O-O {[%emt 0:00:04]} Re8 {[%emt 0:09:42]} 9. Ne5 {[%emt 0:00:10]} Ng4 {[%emt 0:09:53]} 10. Nxg4 {[%emt 0:04:43]} Bxg4 {[%emt 0:00:04]} 11. h3 {[%emt 0:00:05]} Be6 {[%emt 0:07:37]} 12. e4 {[%emt 0:02:33]} dxe4 {[%emt 0:03:55]} 13. dxe4 {[%emt 0:00:36]} Qxd1 {[%emt 0:00:30]} 14. Rxd1 {[%emt 0:00:01]} Rad8 {[%emt 0:00:12]} 15. Rxd8 {[%emt 0:07:05]} Rxd8 {[%emt 0:00:05]} 16. Kf2 {[%emt 0:00:16]} Na5 {[%emt 0:16:35]} 17. Nd2 {[%emt 0:04:00]} f5 {[%emt 0:05:34]} 18. e5 {[%emt 0:03:35]} g5 {[%emt 0:04:10]} 19. b4 {[%emt 0:05:05]} Nc6 {[%emt 0:00:43]} 20. Ke3 {[%emt 0:10:15]} Bh6 {[%emt 0:07:59]} 21. Bxc6 {[%emt 0:33:59]} gxf4+ {[%emt 0:00:11]} 22. gxf4 {[%emt 0:00:23]} bxc6 {[%emt 0:00:03]} 23. bxc5 {[%emt 0:01:51]} Rd5 {[%emt 0:00:16]} 24. Nf3 {[%emt 0:00:44]} Rxc5 {[%emt 0:00:04]} 25. Bd2 {[%emt 0:04:11]} Kf7 {[%emt 0:01:44]} 26. Rb1 {[%emt 0:07:48]} Ra5 {[%emt 0:08:46]} 27. Bc1 {[%emt 0:00:10]} c5 {[%emt 0:00:33]} 28. Ne1 {[%emt 0:06:00]} Bd5 {[%emt 0:04:27]} 29. Rb8 {[%emt 0:01:31]} Ra4 {[%emt 0:03:13]} 30. Nd3 {[%emt 0:01:57]} Re4+ {[%emt 0:03:08]} 31. Kf2 {[%emt 0:00:04]} Bc4 {[%emt 0:00:45]} 32. Nxc5 {[%emt 0:01:42]} Re2+ {[%emt 0:00:08]} 33. Kf3 {[%emt 0:00:38]} Re1 {[%emt 0:00:13]} 34. Be3 {[%emt 0:00:51]} Bd5+ {[%emt 0:02:25]} 35. Kf2 {[%emt 0:00:13]} Rh1 {[%emt 0:00:09]} 36. Rd8 {[%emt 0:01:17]} Bc6 {[%emt 0:01:05]} 37. e6+ {[%emt 0:00:52]} Kg6 {[%emt 0:00:33]} 38. Nd3 {[%emt 0:00:23]} Kh5 {[%emt 0:00:47]} 39. Bxa7 {[%emt 0:02:58]} Rh2+ {[%emt 0:00:26]} 40. Ke3 {[%emt 0:01:09]} Rxh3+ {[%emt 0:00:06]} 41. Kd4 {[%emt 0:30:56]} Bg7+ {[%emt 0:09:28]} 42. Ne5 {[%emt 0:00:00]} Rf3 {[%emt 0:04:23]} 43. Bb8 {[%emt 0:00:00]} Rxf4+ {[%emt 0:05:09]} 44. Kc5 {[%emt 0:00:00]} Ba4 {[%emt 0:01:12]} 45. c4 {[%emt 0:00:00]} Re4 {[%emt 0:02:54]} 46. Kd5 {[%emt 0:00:00]} Bb3 {[%emt 0:04:01]} 47. Rc8 {[%emt 0:00:00]} Re2 {[%emt 0:02:01]} 48. Nc6 {[%emt 0:00:00]} Rd2+ {[%emt 0:03:00]} 49. Kc5 {[%emt 0:00:00]} Rc2 {[%emt 0:00:16]} 50. Nxe7 {[%emt 0:01:54]} Rxc4+ {[%emt 0:00:11]} 51. Kd6 {[%emt 0:00:20]} Rd4+ {[%emt 0:00:35]} 52. Kc5 {[%emt 0:02:27]} Bxe6 {[%emt 0:01:06]} 53. Re8 {[%emt 0:01:20]} Re4 {[%emt 0:01:04]} 54. Nc6 {[%emt 0:01:01]} Rc4+ {[%emt 0:00:41]} 55. Kd6 {[%emt 0:00:31]} Bf7 {[%emt 0:00:24]} 56. Re1 {[%emt 0:00:34]} Bf8+ {[%emt 0:00:38]} 57. Kd7 {[%emt 0:00:23]} Bxa3 {[%emt 0:00:26]} 58. Rh1+ {[%emt 0:00:05]} Rh4 {[%emt 0:00:15]} 59. Rf1 {[%emt 0:00:42]} Kg5 {[%emt 0:00:35]} 60. Ne5 {[%emt 0:00:11]} Rd4+ {[%emt 0:00:30]} 61. Kc8 {[%emt 0:00:28]} Be6+ {[%emt 0:00:14]} 62. Kb7 {[%emt 0:00:26]} Bd5+ {[%emt 0:00:27]} 63. Kc8 {[%emt 0:00:12]} Be6+ {[%emt 0:00:06]} 64. Kb7 {[%emt 0:00:05]} Rb4+ {[%emt 0:00:23]} 65. Ka7 {[%emt 0:00:37]} Kf6 {[%emt 0:01:18]} 66. Nc6 {[%emt 0:00:26]} Ra4+ {[%emt 0:00:40]} 67. Kb6 {[%emt 0:00:23]} Bb2 {[%emt 0:00:36]} 68. Rh1 {[%emt 0:00:32]} Kg7 {[%emt 0:01:11]} 69. Rh2 {[%emt 0:00:18]} Bf6 {[%emt 0:00:16]} 70. Rg2+ {[%emt 0:00:32]} Rg4 {[%emt 0:00:15]} 71. Re2 {[%emt 0:00:50]} Bf7 {[%emt 0:00:18]} 72. Rf2 {[%emt 0:00:27]} Kg6 {[%emt 0:00:47]} 73. Be5 {[%emt 0:00:27]} Bd5 {[%emt 0:00:35]} 74. Rh2 {[%emt 0:01:18]} Bxc6 {[%emt 0:00:22]} 75. Bxf6 {[%emt 0:00:03]} Kxf6 {[%emt 0:00:21]} 76. Kxc6 {[%emt 0:00:03]} Kg6 {[%emt 0:00:18]} 77. Kd5 {[%emt 0:00:05]} h5 {[%emt 0:00:20]} 78. Ke5 {[%emt 0:00:09]} h4 {[%emt 0:00:39]} 79. Rh3 {[%emt 0:00:43]} Kg5 {[%emt 0:00:20]} 80. Rf3 {[%emt 0:00:02]} Re4+ {[%emt 0:00:08]} 81. Kd5 {[%emt 0:00:06]} Kg4 {[%emt 0:00:17]} 82. Rf1 {[%emt 0:00:07]} Re3 {[%emt 0:00:16]} 83. Kd4 {[%emt 0:00:08]} f4 {[%emt 0:00:11]} 84. Rg1+ {[%emt 0:00:09]} Rg3 {[%emt 0:00:05]} 85. Rh1 {[%emt 0:00:22]} h3 {[%emt 0:00:16]} 86. Ke4 {[%emt 0:00:03]} Re3+ {[%emt 0:00:16]} 87. Kd4 {[%emt 0:00:03]} Re2 {[%emt 0:00:12]} 88. Kd3 {[%emt 0:00:25]} f3 {[%emt 0:00:17] normal} 0-1